000 00285nam a22001337a 4500
008 170204b xxu||||| |||| 00| 0 eng d
020 _a721641652
041 _aeng
080 _a61
100 _a3
101 _aSHM
245 _aCORONARY ARTERY DISEASE
_cSMITH, L.H
942 _2udc
_cBK
999 _c4668
_d4668